A journey through the stilwell road / (Record no. 81095)

MARC details
000 -LEADER
fixed length control field 00686nam a22002057a 4500
005 - DATE AND TIME OF LATEST TRANSACTION
control field 20140306113443.0
010 ## - LCCN (DPL NO)
LC control number ENG-108753
020 ## - INTERNATIONAL STANDARD BOOK NUMBER
Terms of availability 550.00
International Standard Book Number 9788183640749
035 ## - SYSTEM CONTROL NUMBER
System control number EN-92286
037 ## - SOURCE OF ACQUISITION
Source of stock number/acquisition DBAD/PUB
082 ## - DEWEY DECIMAL CLASSIFICATION NUMBER
Classification number 382.09541059
245 ## - TITLE STATEMENT
Title A journey through the stilwell road /
Statement of responsibility, etc edited by Rakhee Bhattacharya [and] Binoda K. Mishra
260 ## - PUBLICATION, DISTRIBUTION, ETC. (IMPRINT)
Place of publication, distribution, etc New Delhi
Name of publisher, distributor, etc Anshah Publishing House
Date of publication, distribution, etc 2011
270 ## - ADDRESS
Address LG 18-19, Pankaj Central Market, Patparganj
City Delhi
Postal code 110092
300 ## - PHYSICAL DESCRIPTION
Extent viii,160p. :
Dimensions 22cm(Hb)
Other physical details col. photos
500 ## - GENERAL NOTE
General note Includes index
700 ## - ADDED ENTRY--PERSONAL NAME
Personal name Bhattacharya, Rakhee
700 ## - ADDED ENTRY--PERSONAL NAME
Personal name Mishra, Binoda K.
942 ## - ADDED ENTRY ELEMENTS (KOHA)
Source of classification or shelving scheme Dewey Decimal Classification
Item type English Books
Call number suffix JOU
Classification part 382.09541059
Holdings
Withdrawn status Lost status Not for loan Collection code Home library Current library Date acquired Source of acquisition Cost, normal purchase price Full call number Barcode Copy number Cost, replacement price Koha item type
    Not For Loan Non-fiction D.B.Act.Division D.B.Act.Division 06/12/2013 DBAD/PUB 550.00 382.09541059 JOU EN-92286 1 550.00 English Books

© Delhi Public Library
Hit Counter
free hit counter